| 000 | 00384nam a2200157Ia 4500 | ||
|---|---|---|---|
| 003 | GCL | ||
| 008 | 140319s9999 xx 000 0 ara d | ||
| 040 |
_aGCL / _cGCL |
||
| 082 | 0 | 4 |
_a310 _bز م |
| 245 | 1 | 0 | _aالاحصاء اللابارامترى |
| 490 |
_aكتاب _v0 |
||
| 650 | 0 | 4 | _aالفروض |
| 650 | 0 | 4 | _aالاحصاء |
| 650 | 0 | 4 | _aالانسانيات |
| 942 |
_2ddc _cBK |
||
| 999 |
_c41731 _d41731 |
||